Eastern Utah Libraries Catalog: Duchesne, Heber, Roosevelt, & Vernal

A dog's courage : (Record no. 361335)

MARC details
000 -LEADER
fixed length control field 02608pam a2200385 i 4500
001 - CONTROL NUMBER
control field BK0026932154
003 - CONTROL NUMBER IDENTIFIER
control field DLC
005 - DATE AND TIME OF LATEST TRANSACTION
control field 20210602131052.0
008 - FIXED-LENGTH DATA ELEMENTS--GENERAL INFORMATION
fixed length control field 210305s2021 nyu 000 1 eng
010 ## - LIBRARY OF CONGRESS CONTROL NUMBER
LC control number 2021008746
020 ## - INTERNATIONAL STANDARD BOOK NUMBER
International Standard Book Number 9781250257628 : HRD
Terms of availability 26.99
020 ## - INTERNATIONAL STANDARD BOOK NUMBER
International Standard Book Number 125025762X : HRD
Terms of availability 26.99
Qualifying information (hardcover)
Cancelled/invalid ISBN 9781250257635
Qualifying information (ebook)
037 ## - SOURCE OF ACQUISITION
Source of stock number/acquisition St Martins Pr, C/O Mps 16365 James Madison Hwy Us Hwy 15, Gordonsville, VA, USA, 22942, (212)6745151
Note SAN 631-5011
040 ## - CATALOGING SOURCE
Original cataloging agency DLC
Language of cataloging eng
Description conventions rda
Transcribing agency DLC
Modifying agency GCmBT
050 00 - LIBRARY OF CONGRESS CALL NUMBER
Classification number PS3603.A4535
Item number D58 2021
082 00 - DEWEY DECIMAL CLASSIFICATION NUMBER
Classification number 813/.6
Edition number 23
092 ## - LOCALLY ASSIGNED DEWEY CALL NUMBER (OCLC)
Classification number 813.6000
100 1# - MAIN ENTRY--PERSONAL NAME
Personal name Cameron, W. Bruce,
Relator term author.
9 (RLIN) 49316
245 12 - TITLE STATEMENT
Title A dog's courage :
Remainder of title a dog's way home novel /
Statement of responsibility, etc W. Bruce Cameron.
250 ## - EDITION STATEMENT
Edition statement First edition.
264 #1 - Production, Publication, Distribution, Manufacture, and Copyright Notice.
Place of production, publication, distribution, manufacture New York :
Name of producer, publisher, distributor, manufacturer Forge,
Date of production, publication, distribution, manufacture, or copyr 2021.
300 ## - PHYSICAL DESCRIPTION
Extent 282 pages ;
Dimensions 22 cm
336 ## - Content Type
Content type term text
337 ## - Media type
Media type term unmediated
338 ## - Carrier type
Carrier type term volume
500 ## - GENERAL NOTE
General note "A Tom Doherty Associates book."
520 ## - SUMMARY, ETC.
Summary, etc "#1 New York Times bestselling author W. Bruce Cameron once again captures the bravery and determination of a very good dog in the gripping sequel to A Dog's Way Home, the acclaimed novel that inspired the hit movie! Bella was once a lost dog, but now shelives happily with her people, Lucas and Olivia, only occasionally recalling the hardships in her past. Then a weekend camping trip turns into a harrowing struggle for survival when the Rocky Mountains are engulfed by the biggest wildfire in American history. The raging inferno separates Bella from her people and she is lost once more. Alone in the wilderness, Bella unexpectedly finds herself responsible for the safety of two defenseless mountain lion cubs. Now she's torn between two equally urgent goals. More than anything, she wants to find her way home to Lucas and Olivia, but not if it means abandoning her new family to danger. And danger abounds, from predators hunting them to the flames threatening at every turn. Can Bella ever get back to where she truly belongs? A Dog's Courage is a moving tale of loyalty and the constant heart of one devoted dog - brought vividly to life with a keen understanding of what makes all dogs so special"--
-- Provided by publisher.
650 #0 - SUBJECT ADDED ENTRY--TOPICAL TERM
Topical term or geographic name as entry element Dogs
Form subdivision Fiction.
9 (RLIN) 5674795
650 #0 - SUBJECT ADDED ENTRY--TOPICAL TERM
Topical term or geographic name as entry element Human-animal relationships
Form subdivision Fiction.
9 (RLIN) 5676174
650 #0 - SUBJECT ADDED ENTRY--TOPICAL TERM
Topical term or geographic name as entry element Wildfires
Form subdivision Fiction.
9 (RLIN) 5803856
650 #0 - SUBJECT ADDED ENTRY--TOPICAL TERM
Topical term or geographic name as entry element Survival
Form subdivision Fiction.
9 (RLIN) 5673621
655 #7 - INDEX TERM--GENRE/FORM
Genre/form data or focus term Novels.
Source of term lcgft
776 08 - ADDITIONAL PHYSICAL FORM ENTRY
Display text Online version:
776 08 - ADDITIONAL PHYSICAL FORM ENTRY
Main entry heading Cameron, W. Bruce.
Title Dog's courage
Place, publisher, and date of publication New York : Forge, 2021
International Standard Book Number 9781250257635
Record control number (DLC) 2021008747
Holdings
Withdrawn status Lost status Source of classification or shelving scheme Damaged status Not for loan Collection code Home library Current library Shelving location Date acquired Source of acquisition Total Checkouts Total Renewals Full call number Barcode Date last seen Date checked out Cost, replacement price Price effective from Koha item type
    Dewey Decimal Classification     Fiction Wasatch County Library Wasatch County Library First Floor 05/11/2021 Micromarketing 11 7 F Cameron 34301001813924 01/08/2025 01/04/2025 26.99 05/11/2021 BOOK
This project was made possible through a grant from the Institute of Museum and Library Service administered by the Utah State Library Division.

Wasatch County Library

  • 465 East 1200 South, Heber City, Utah 84032
  • Phone 435-654-1511 | Fax 435-654-6456

Hours

  • Monday - Friday 9:30 AM - 8:00 PM
  • Saturday 9:30 AM - 1:30 PM
  • Closed Sundays and Holidays